| 000 | 02008nam a22001817a 4500 | ||
|---|---|---|---|
| 005 | 20250821132110.0 | ||
| 008 | 160602b xxu||||| |||| 00| 0 eng d | ||
| 082 |
_22014 _aUT 0507 _bD46 |
||
| 100 |
_99814 _aDesierto, Ralp James S. |
||
| 245 |
_aCost control measures on pricing decisions of mango farmers in Bansalan Davao del Sur/ _cRalp James S. Desierto, Genisis D. Chicote and Joan L. Gallemaso. |
||
| 260 |
_aDigos CIty: _bUMDC _cApril 2014. |
||
| 300 |
_a71 pages; _c30 cm. |
||
| 520 | _aMango prices vary from time to time. It can be expensive at times or not. It is argued that there are some factors that affect mango pricing such as cost control measures. Hence, this study aimed to determine the cost control measures and pricing decisions of mango farmers in Kiblawan. As well as determining the significant relationship between variables. This quantitative study utilized a descriptive-correlational research design through an adapted survey questionnaire. Results showed that mango farmers had a very high and high degree of cost control measures and price decisions respectively, Indicating the success of their cost-cutting initiatives. It also demonstrates the considerable correlations between pricing decisions and cost-control strategies across all variables. The study recommends that Kiblawan mango farmers prioritize quality over competitor pricing, upskill through training, and form an organization for collective bargaining and government support. It also suggests the local government create regulations for fair pricing, offer educational programs, and collaborate with farmers to improve production and profitability. Lastly, future research is encouraged to explore the impact of government intervention on pricing and replicate the study in other areas with regulations for comparison. | ||
| 650 | 0 |
_99813 _aBusiness Administration _vFinancial Management _xUndergraduate thesis. |
|
| 700 |
_99811 _aChicote, Genisis D. |
||
| 700 |
_99812 _aGallemaso, Joan L. |
||
| 942 |
_2ddc _cUT |
||
| 999 |
_c2946 _d2946 |
||